| 000 | 00535nam a2200181Ia 4500 | ||
|---|---|---|---|
| 008 | 090123s9999 xx 000 0 und d | ||
| 082 |
_b31200 _a891.463/कुलक |
||
| 100 | _aकुलकर्णी पद्मा | ||
| 245 | _aकिथी | ||
| 250 | _a1 | ||
| 260 | _bप्राजक्ता प्रकाशन | ||
| 300 | _a136 | ||
| 600 | _aकुलकर्णी पद्मा | ||
| 630 | _aकिथी | ||
| 700 | _aकुलकर्णी पद्मा | ||
| 730 | _aकिथी | ||
| 942 | _cBOOK | ||
| 999 |
_c69259 _d69259 |
||